| 000 | 00609nam a2200169Ia 4500 | ||
|---|---|---|---|
| 008 | 090711s9999 xx 000 0 und d | ||
| 082 | _b964 | ||
| 100 | _aजोशी िSां. वि. | ||
| 245 | _aिSााम्णरावांSो Sा-हाट | ||
| 260 |
_bकॉन्टीनेन्टल प्रकाशन _c1962 |
||
| 300 | _a242 | ||
| 600 | _aजोशी िSां. वि. | ||
| 630 | _aिSााम्णरावांSो Sा-हाट | ||
| 700 | _aजोशी िSां. वि. | ||
| 730 | _aिSााम्णरावांSो Sा-हाट | ||
| 942 | _cBOOK | ||
| 999 |
_c333818 _d333818 |
||